[Event "RA-2022-0-00713"]
[Site "LSS email"]
[Date "2022.08.04"]
[Round "?"]
[White "Pilgram, Kurt"]
[Black "Plutarco, Fosca"]
[Result "1/2-1/2"]
[WhiteElo "2177"]
[BlackElo "2060"]
[PlyCount "49"]
[EventDate "2022.04.13"]
[EventType "tourn (corr)"]
[EventRounds "6"]
[EventCountry "GER"]
[SourceTitle "Corr 2024"]
[Source "ChessBase"]
[SourceDate "2023.10.19"]
[SourceVersion "1"]
[SourceVersionDate "2023.10.19"]
[SourceQuality "1"]

1. e4 e5 2. Nf3 Nc6 3. Bc4 Bc5 4. c3 Nf6 5. d3 d6 6. 0-0 a5 7. Re1 0-0 8. h3 h6 9. Bb5 Ba7 10. Nbd2 Ne7 11. d4 Ng6 12. Bd3 Re8 13. a4 c6 14. Bc2 Bb8 15. Nf1 d5 16. Nxe5 dxe4 17. Nxg6 fxg6 18. f3 exf3 19. Rxe8+ Qxe8 20. Qxf3 g5 21. Qd3 Be6 22. Be3 Bc7 23. Bf2 Bd5 24. Re1 Qf7 25. Bg3 1/2-1/2

[Event "LSS SA-2022-0-00802"]
[Site "LSS email"]
[Date "2022.06.24"]
[Round "?"]
[White "Ruano Casanova, Enrique"]
[Black "Plutarco, Fosca"]
[Result "1/2-1/2"]
[WhiteElo "2085"]
[BlackElo "2059"]
[PlyCount "42"]
[EventDate "2022.05.16"]
[EventType "tourn (corr)"]
[EventRounds "6"]
[EventCountry "GER"]
[SourceTitle "Corr 2024"]
[Source "ChessBase"]
[SourceDate "2023.10.19"]
[SourceVersion "1"]
[SourceVersionDate "2023.10.19"]
[SourceQuality "1"]

1. e4 e5 2. Nf3 Nc6 3. Bc4 Bc5 4. b4 Bxb4 5. c3 Ba5 6. d4 d6 7. Qb3 Qd7 8. dxe5 Bb6 9. Nbd2 dxe5 10. a4 Na5 11. Qa2 Qe7 12. Ba3 Qf6 13. 0-0 Ne7 14. Nxe5 Qxe5 15. Bxf7+ Kf8 16. Bd5 c6 17. Nf3 Qh5 18. Rae1 c5 19. c4 Ke8 20. Nd2 Rf8 21. f4 Bg4 1/2-1/2

[Event "WC-2022-S-00006"]
[Site "LSS email"]
[Date "2022.06.21"]
[Round "?"]
[White "Koronowski, Juergen"]
[Black "Plutarco, Fosca"]
[Result "0-1"]
[WhiteElo "2026"]
[BlackElo "2046"]
[PlyCount "56"]
[EventDate "2022.06.21"]
[EventType "tourn (corr)"]
[EventRounds "12"]
[EventCountry "GER"]
[SourceTitle "Corr 2024"]
[Source "ChessBase"]
[SourceDate "2023.10.19"]
[SourceVersion "1"]
[SourceVersionDate "2023.10.19"]
[SourceQuality "1"]

1. e4 e5 2. Nf3 Nc6 3. d4 exd4 4. Nxd4 Bc5 5. Nb3 Bb6 6. Nc3 Nf6 7. Qe2 0-0 8. Bg5 Nd4 9. Qd2 Nxb3 10. axb3 Re8 11. 0-0-0 h6 12. h4 c6 13. Bxf6 Qxf6 14. f3 d5 15. Bd3 Bc7 16. Kb1 Bf4 17. Qe1 a5 18. g4 Qd6 19. g5 a4 20. Nxa4 b5 21. Nb6 Ra6 22. Nxc8 Rxc8 23. c3 Rca8 24. Kc2 Ra2 25. Rb1 d4 26. e5 Bxe5 27. f4 Bxf4 28. Qe4 g6 0-1

[Event "RA-2022-0-00711"]
[Site "LSS email"]
[Date "2022.06.06"]
[Round "?"]
[White "Plutarco, Fosca"]
[Black "Krishnamurthy, Prabhanandan"]
[Result "1/2-1/2"]
[WhiteElo "2044"]
[BlackElo "2036"]
[PlyCount "74"]
[EventDate "2022.03.20"]
[EventType "tourn (corr)"]
[EventRounds "6"]
[EventCountry "GER"]
[SourceTitle "Corr 2024"]
[Source "ChessBase"]
[SourceDate "2023.10.19"]
[SourceVersion "1"]
[SourceVersionDate "2023.10.19"]
[SourceQuality "1"]

1. d4 d5 2. c4 dxc4 3. e3 Nf6 4. Nf3 e6 5. Bxc4 c5 6. 0-0 a6 7. b3 Nbd7 8. Bb2 Be7 9. dxc5 Bxc5 10. Nbd2 b6 11. Qe2 0-0 12. a3 b5 13. Bd3 Bb7 14. e4 Rc8 15. b4 Be7 16. Bd4 Qc7 17. Nb3 Rfd8 18. h3 Nh5 19. Rac1 Qb8 20. Rxc8 Rxc8 21. Bb1 h6 22. Qe3 Nhf6 23. Rd1 Bc6 24. Ba7 Qa8 25. Na5 Bd8 26. Nd2 e5 27. Kh2 Rc7 28. Rc1 Rxa7 29. Nxc6 Rc7 30. Ne7+ Kf8 31. Rxc7 Bxc7 32. Nf5 Bb6 33. Qb3 Qa7 34. Nd6 Nb8 35. Nc8 Qd7 36. Nxb6 Qxd2 37. Ba2 Qf4+ 1/2-1/2

[Event "OP-2022-0-05290"]
[Site "LSS email"]
[Date "2022.06.03"]
[Round "?"]
[White "Plutarco, Fosca"]
[Black "Cerne, Peter"]
[Result "1/2-1/2"]
[WhiteElo "2044"]
[BlackElo "1578"]
[PlyCount "71"]
[EventDate "2022.05.22"]
[EventType "tourn (corr)"]
[EventRounds "4"]
[EventCountry "GER"]
[SourceTitle "Corr 2024"]
[Source "ChessBase"]
[SourceDate "2023.10.19"]
[SourceVersion "1"]
[SourceVersionDate "2023.10.19"]
[SourceQuality "1"]

1. d4 d5 2. Nf3 Nf6 3. g3 e6 4. Bg2 c5 5. c4 dxc4 6. 0-0 Nc6 7. dxc5 Qxd1 8. Rxd1 Bxc5 9. Nfd2 Na5 10. Nc3 Bd7 11. Nce4 Nxe4 12. Nxe4 Bb4 13. Nd6+ Bxd6 14. Rxd6 Bc6 15. Bd2 Bxg2 16. Bxa5 Bc6 17. f3 e5 18. Rc1 h5 19. Rxc4 f6 20. Kf2 Ke7 21. Rd2 Rhc8 22. Rdc2 Ke6 23. h4 Re8 24. Rd2 Re7 25. a4 Rc8 26. Bb4 Rec7 27. a5 Ba4 28. Rxc7 Rxc7 29. Bc3 Bd7 30. Bb4 Ba4 31. Bc3 Bd7 32. e4 Rc4 33. Ke3 Ra4 34. Kf2 Ra1 35. Bb4 Ra4 36. Bc3 1/2-1/2

[Event "ZH-2022-0-02043"]
[Site "LSS email"]
[Date "2022.05.16"]
[Round "?"]
[White "Ozen, Bahadir"]
[Black "Plutarco, Fosca"]
[Result "1/2-1/2"]
[WhiteElo "2218"]
[BlackElo "2029"]
[PlyCount "39"]
[EventDate "2022.05.16"]
[EventType "match (corr)"]
[EventRounds "2"]
[EventCountry "GER"]
[SourceTitle "Corr 2024"]
[Source "ChessBase"]
[SourceDate "2023.10.19"]
[SourceVersion "1"]
[SourceVersionDate "2023.10.19"]
[SourceQuality "1"]

1. e4 d5 2. exd5 Nf6 3. Nf3 Nxd5 4. d4 e6 5. c4 Nf6 6. Nc3 c5 7. Be2 cxd4 8. Qxd4 Be7 9. Qxd8+ Bxd8 10. 0-0 Nc6 11. Bf4 Be7 12. Nb5 0-0 13. Bd6 Bxd6 14. Nxd6 Rd8 15. Rfd1 Ne8 16. Nxe8 Rxe8 17. Nd4 Nxd4 18. Rxd4 e5 19. Rd2 Kf8 20. b3 1/2-1/2

[Event "LSS SA-2022-0-00796"]
[Site "LSS email"]
[Date "2022.04.27"]
[Round "?"]
[White "Plutarco, Fosca"]
[Black "Csaba, Fodor"]
[Result "1/2-1/2"]
[WhiteElo "2023"]
[BlackElo "2062"]
[PlyCount "75"]
[EventDate "2022.03.01"]
[EventType "tourn (corr)"]
[EventRounds "6"]
[EventCountry "GER"]
[SourceTitle "Corr 2024"]
[Source "ChessBase"]
[SourceDate "2023.10.19"]
[SourceVersion "1"]
[SourceVersionDate "2023.10.19"]
[SourceQuality "1"]

1. d4 d5 2. Nf3 Nf6 3. g3 c5 4. dxc5 e6 5. c4 Bxc5 6. cxd5 Qb6 7. e3 0-0 8. a3 Nxd5 9. Bd3 Rd8 10. Qc2 h6 11. 0-0 Nc6 12. Bd2 Be7 13. Nc3 Nf6 14. Ne4 Bd7 15. Rac1 Be8 16. h3 a5 17. Rfd1 Rac8 18. Qb1 Nxe4 19. Bxe4 Qa6 20. Be1 Rxd1 21. Rxd1 b5 22. Bh7+ Kh8 23. Bd3 Qb7 24. b4 axb4 25. axb4 Rd8 26. Bf1 Rxd1 27. Qxd1 Bxb4 28. Bxb4 Nxb4 29. Qd6 Qxf3 30. Qf8+ Kh7 31. Qxe8 Nd5 32. Qxb5 Qf6 33. Bg2 Ne7 34. Qb8 g6 35. Qf8 Ng8 36. Bc6 Qe7 37. Qc8 Qc5 38. Qb7 1/2-1/2

[Event "RA-2022-0-00705"]
[Site "LSS email"]
[Date "2022.02.05"]
[Round "?"]
[White "Plutarco, Fosca"]
[Black "Baltar, Antoni"]
[Result "1/2-1/2"]
[WhiteElo "2051"]
[BlackElo "2024"]
[PlyCount "62"]
[EventDate "2022.01.09"]
[EventType "tourn (corr)"]
[EventRounds "6"]
[EventCountry "GER"]
[SourceTitle "Corr 2024"]
[Source "ChessBase"]
[SourceDate "2023.10.19"]
[SourceVersion "1"]
[SourceVersionDate "2023.10.19"]
[SourceQuality "1"]

1. d4 Nf6 2. Nf3 d5 3. g3 e6 4. Bg2 Be7 5. 0-0 0-0 6. c4 dxc4 7. Qc2 b5 8. a4 b4 9. Nfd2 c6 10. Nxc4 Qxd4 11. Rd1 Qc5 12. Be3 Qh5 13. Nbd2 Ng4 14. Nf3 Nxe3 15. Nxe3 a5 16. Nd4 Ra7 17. Rac1 Ba6 18. Bf3 Qe5 19. Ng4 Qc7 20. Bxc6 h5 21. Ne3 Bf6 22. Nb5 Bxb5 23. Bxb5 Qxc2 24. Rxc2 b3 25. Rcd2 Na6 26. Nc4 Nc5 27. Rc1 Ne4 28. Rdd1 Rc8 29. f3 Nc5 30. Kf1 g6 31. Kg2 g5 1/2-1/2

[Event "RA-2022-0-00705"]
[Site "LSS email"]
[Date "2022.02.02"]
[Round "?"]
[White "Martin, Simone"]
[Black "Plutarco, Fosca"]
[Result "1/2-1/2"]
[WhiteElo "2130"]
[BlackElo "2051"]
[PlyCount "51"]
[EventDate "2022.01.09"]
[EventType "tourn (corr)"]
[EventRounds "6"]
[EventCountry "GER"]
[SourceTitle "Corr 2024"]
[Source "ChessBase"]
[SourceDate "2023.10.19"]
[SourceVersion "1"]
[SourceVersionDate "2023.10.19"]
[SourceQuality "1"]

1. d4 e6 2. Nf3 c5 3. c3 Nc6 4. Bf4 Qb6 5. Qd2 d5 6. e3 Nf6 7. h3 Ne4 8. Qc1 Bd6 9. Bxd6 Nxd6 10. Bd3 f6 11. 0-0 e5 12. Be2 cxd4 13. cxd4 e4 14. Nfd2 Be6 15. Nb3 Qc7 16. Nc5 Bf7 17. Nc3 0-0 18. Nb5 Nxb5 19. Bxb5 Rfc8 20. Qd1 b6 21. Na4 Qb7 22. Rc1 h6 23. Qd2 Bh5 24. Rc2 Ne7 25. Rfc1 Rxc2 26. Qxc2 1/2-1/2

[Event "LSS SA-2022-0-00786"]
[Site "LSS email"]
[Date "2022.01.07"]
[Round "?"]
[White "Kolanek, Roman"]
[Black "Plutarco, Fosca"]
[Result "1-0"]
[WhiteElo "2120"]
[BlackElo "2046"]
[PlyCount "83"]
[EventDate "2021.12.19"]
[EventType "tourn (corr)"]
[EventRounds "6"]
[EventCountry "GER"]
[SourceTitle "Corr 2024"]
[Source "ChessBase"]
[SourceDate "2023.10.19"]
[SourceVersion "1"]
[SourceVersionDate "2023.10.19"]
[SourceQuality "1"]

1. d4 e6 2. c4 b6 3. e4 Bb4+ 4. Bd2 Bxd2+ 5. Qxd2 d5 6. Bd3 dxc4 7. Bxc4 Bb7 8. Nc3 Nf6 9. Qe3 0-0 10. Nf3 Nbd7 11. e5 Nd5 12. Nxd5 exd5 13. Bb3 f6 14. 0-0-0 fxe5 15. dxe5 Nc5 16. Bc2 Qe7 17. Nd4 Rae8 18. f4 Ne6 19. Nxe6 Qxe6 20. Rhe1 g6 21. h3 Qf7 22. Rf1 Qg7 23. h4 c5 24. Bb3 Qd7 25. h5 gxh5 26. f5 Rxf5 27. Ba4 Qxa4 28. Rxf5 Qc4+ 29. Kb1 Qe4+ 30. Qxe4 dxe4 31. Rg5+ Kh8 32. Kc1 Bc8 33. Rd6 Be6 34. Kd2 Bf7 35. Rd7 h6 36. Rg3 Bxa2 37. Rxa7 Bc4 38. Ke3 Rxe5 39. Rg6 b5 40. Rxh6+ Kg8 41. Rb6 Kf8 42. Rbb7 1-0

[Event "RA-2021-0-00700"]
[Site "LSS email"]
[Date "2021.12.29"]
[Round "?"]
[White "Plutarco, Fosca"]
[Black "Korn, Hans"]
[Result "0-1"]
[WhiteElo "2030"]
[BlackElo "2088"]
[PlyCount "118"]
[EventDate "2021.12.16"]
[EventType "tourn (corr)"]
[EventRounds "6"]
[EventCountry "GER"]
[SourceTitle "Corr 2024"]
[Source "ChessBase"]
[SourceDate "2023.10.19"]
[SourceVersion "1"]
[SourceVersionDate "2023.10.19"]
[SourceQuality "1"]

1. d4 Nf6 2. c4 e6 3. Nf3 b6 4. g3 Ba6 5. Qb3 Nc6 6. Nbd2 Na5 7. Qc3 c5 8. dxc5 bxc5 9. e4 Bb7 10. e5 Ne4 11. Nxe4 Bxe4 12. Qe3 Bxf3 13. Qxf3 Rb8 14. b3 Nc6 15. Qe3 Nd4 16. Qe4 d6 17. f4 g6 18. Bg2 Bg7 19. 0-0 Qc7 20. Re1 0-0 21. Bd2 a5 22. Kh1 dxe5 23. fxe5 h5 24. Rad1 Rfd8 25. Bc3 Rd7 26. h3 Bh6 27. g4 hxg4 28. hxg4 Kg7 29. Rd3 Rh8 30. Kg1 Bg5 31. Kf1 Rdd8 32. Red1 Rdf8 33. Bxd4 cxd4 34. Rxd4 Rd8 35. Rd6 Qc5 36. Qd3 Rb8 37. Qf3 Qxe5 38. Rd7 Bf6 39. Re1 Qg5 40. Rxe6 Rhd8 41. Red6 Rxd7 42. Rxd7 Re8 43. Rd1 Re3 44. Qf2 Qxg4 45. Qxe3 Qxd1+ 46. Qe1 Qd3+ 47. Qe2 Qb1+ 48. Kf2 Bb2 49. Qd2 Qxa2 50. Ke2 Qxb3 51. Qxa5 Qxc4+ 52. Kd2 Bc1+ 53. Ke1 Qe6+ 54. Kf1 Qf6+ 55. Ke1 Be3 56. Kd1 Qf4 57. Qc3+ Kh6 58. Bc6 f5 59. Qd3 Kg5 0-1

[Event "LSS SA-2021-0-00776"]
[Site "LSS email"]
[Date "2021.10.26"]
[Round "?"]
[White "Nucci, Luciano"]
[Black "Plutarco, Fosca"]
[Result "1/2-1/2"]
[WhiteElo "2105"]
[BlackElo "2005"]
[PlyCount "51"]
[EventDate "2021.09.29"]
[EventType "tourn (corr)"]
[EventRounds "6"]
[EventCountry "GER"]
[SourceTitle "Corr 2024"]
[Source "ChessBase"]
[SourceDate "2023.10.19"]
[SourceVersion "1"]
[SourceVersionDate "2023.10.19"]
[SourceQuality "1"]

1. d4 d5 2. c4 e6 3. Nf3 dxc4 4. e3 a6 5. Bxc4 c5 6. 0-0 Nf6 7. Bd3 cxd4 8. exd4 Nc6 9. Nc3 Be7 10. a3 0-0 11. Bc2 b5 12. Qd3 Bb7 13. Re1 g6 14. Bh6 Re8 15. Rad1 b4 16. Ne4 Nxe4 17. Qxe4 bxa3 18. Ba4 Bb4 19. Bxc6 Bxc6 20. Qxc6 Bxe1 21. Rxe1 axb2 22. Qc3 Rb8 23. Rb1 Qb6 24. d5 e5 25. h4 Qb4 26. Qc6 1/2-1/2

[Event "LSS SA-2021-0-00776"]
[Site "LSS email"]
[Date "2021.10.26"]
[Round "?"]
[White "Plutarco, Fosca"]
[Black "Csaba, Fodor"]
[Result "1/2-1/2"]
[WhiteElo "2005"]
[BlackElo "2003"]
[PlyCount "83"]
[EventDate "2021.09.29"]
[EventType "tourn (corr)"]
[EventRounds "6"]
[EventCountry "GER"]
[SourceTitle "Corr 2024"]
[Source "ChessBase"]
[SourceDate "2023.10.19"]
[SourceVersion "1"]
[SourceVersionDate "2023.10.19"]
[SourceQuality "1"]

1. d4 d5 2. Nf3 Nf6 3. g3 c5 4. c4 dxc4 5. Qa4+ Qd7 6. Qxc4 cxd4 7. Qxd4 Nc6 8. Qxd7+ Bxd7 9. Bg2 e5 10. 0-0 h6 11. a3 Be7 12. Nc3 0-0 13. b4 e4 14. Nd2 a5 15. b5 Nd4 16. Ndxe4 Nxb5 17. Nxb5 Bxb5 18. Rb1 Bxe2 19. Re1 Ba6 20. Nxf6+ Bxf6 21. Bd2 Rfc8 22. Rxb7 Bxb7 23. Bxb7 Rc2 24. Bxa8 Rxd2 25. Re8+ Kh7 26. Rf8 g5 27. Rxf7+ Kg6 28. Ra7 Bd4 29. Rxa5 Rxf2 30. Be4+ Kf7 31. Rd5 Be3 32. Kh1 Kf6 33. Bd3 g4 34. a4 Rd2 35. Bc4 Rc2 36. Rf5+ Kxf5 37. Bd3+ Kg5 38. Bxc2 Bb6 39. Kg2 h5 40. Bd1 h4 41. Be2 hxg3 42. hxg3 1/2-1/2

[Event "RA-2021-0-00691"]
[Site "LSS email"]
[Date "2021.10.25"]
[Round "?"]
[White "Morcin, Tom"]
[Black "Plutarco, Fosca"]
[Result "1/2-1/2"]
[WhiteElo "2094"]
[BlackElo "2005"]
[PlyCount "68"]
[EventDate "2021.09.02"]
[EventType "tourn (corr)"]
[EventRounds "6"]
[EventCountry "GER"]
[SourceTitle "Corr 2024"]
[Source "ChessBase"]
[SourceDate "2023.10.19"]
[SourceVersion "1"]
[SourceVersionDate "2023.10.19"]
[SourceQuality "1"]

1. e4 c6 2. d4 d5 3. e5 Bf5 4. Nf3 e6 5. Be2 c5 6. Be3 cxd4 7. Nxd4 Ne7 8. Nd2 Nbc6 9. N2f3 Be4 10. 0-0 Bxf3 11. Nxf3 Ng6 12. c4 dxc4 13. Bxc4 Be7 14. Qb3 Qc7 15. Rac1 0-0 16. Bd3 Qb8 17. g3 a5 18. Qb5 a4 19. Be4 Ncxe5 20. Rfd1 Nxf3+ 21. Bxf3 Qe5 22. Qxb7 Rab8 23. Qa7 Bg5 24. Bxg5 Qxg5 25. Qxa4 Rxb2 26. Rc2 Qe5 27. Kg2 h6 28. Be4 Rbb8 29. Qd4 Qa5 30. Qc5 Rb5 31. Qc6 Ne5 32. Qd6 Qb4 33. Qxb4 Rxb4 34. Re2 g6 1/2-1/2

[Event "RB-2021-0-00408"]
[Site "LSS email"]
[Date "2021.10.13"]
[Round "?"]
[White "Martin, Simone"]
[Black "Plutarco, Fosca"]
[Result "0-1"]
[WhiteElo "1946"]
[BlackElo "1995"]
[PlyCount "68"]
[EventDate "2021.07.14"]
[EventType "tourn (corr)"]
[EventRounds "6"]
[EventCountry "GER"]
[SourceTitle "Corr 2024"]
[Source "ChessBase"]
[SourceDate "2023.10.19"]
[SourceVersion "1"]
[SourceVersionDate "2023.10.19"]
[SourceQuality "1"]

1. e4 d5 2. exd5 Nf6 3. Nf3 Qxd5 4. Nc3 Qd6 5. d4 g6 6. Nb5 Qb6 7. c4 c6 8. Nc3 Bg7 9. Be2 0-0 10. 0-0 Bg4 11. a3 Rd8 12. Be3 Ne8 13. c5 Qc7 14. h3 Bxf3 15. Bxf3 Bxd4 16. Bxd4 e5 17. Nb5 cxb5 18. Bxe5 Rxd1 19. Bxc7 Rxa1 20. Rxa1 Nxc7 21. Bxb7 Nba6 22. Bxa8 Nxa8 23. Rd1 N8c7 24. Rd8+ Kg7 25. b4 Ne6 26. Rd7 h5 27. Rxa7 Nac7 28. Kf1 Kf6 29. Ke2 Ke5 30. Kd3 Nf4+ 31. Kc3 Nfe6 32. h4 Nd5+ 33. Kb2 f6 34. Re7 Nxe7 0-1

[Event "RB-2021-0-00408"]
[Site "LSS email"]
[Date "2021.10.12"]
[Round "?"]
[White "Granara Barreto, Sebastian"]
[Black "Plutarco, Fosca"]
[Result "1/2-1/2"]
[WhiteElo "1951"]
[BlackElo "1995"]
[PlyCount "90"]
[EventDate "2021.07.14"]
[EventType "tourn (corr)"]
[EventRounds "6"]
[EventCountry "GER"]
[SourceTitle "Corr 2024"]
[Source "ChessBase"]
[SourceDate "2023.10.19"]
[SourceVersion "1"]
[SourceVersionDate "2023.10.19"]
[SourceQuality "1"]

1. e4 e5 2. Nf3 Nf6 3. Nxe5 d6 4. Nf3 Nxe4 5. d4 d5 6. Bd3 Be7 7. 0-0 Nc6 8. c4 Nb4 9. Be2 Be6 10. Nc3 Nxc3 11. bxc3 Nc6 12. cxd5 Bxd5 13. c4 Bxf3 14. Bxf3 0-0 15. Be3 Bf6 16. Rb1 Nxd4 17. Rxb7 Nxf3+ 18. Qxf3 Be5 19. Bf4 Bxf4 20. Qxf4 c5 21. Rc7 Qd3 22. g3 Qa3 23. Re1 Qxa2 24. Ree7 Qb1+ 25. Kg2 Qg6 26. Qf3 Rae8 27. Rxa7 Rxe7 28. Rxe7 Qd6 29. Qb7 Qd4 30. Qe4 Qxe4+ 31. Rxe4 f6 32. Re6 Rc8 33. Re7 h5 34. Rd7 g6 35. h4 Re8 36. Rc7 Re5 37. f4 Re2+ 38. Kf3 Rc2 39. Rxc5 Rc3+ 40. Kf2 Kf7 41. Rc8 Ke6 42. c5 Kf5 43. Rc6 g5 44. fxg5 fxg5 45. hxg5 Kxg5 1/2-1/2

[Event "RB-2021-0-00408"]
[Site "LSS email"]
[Date "2021.10.11"]
[Round "?"]
[White "Plutarco, Fosca"]
[Black "Jacewicz, Grzegorz"]
[Result "1/2-1/2"]
[WhiteElo "1995"]
[BlackElo "1984"]
[PlyCount "88"]
[EventDate "2021.07.14"]
[EventType "tourn (corr)"]
[EventRounds "6"]
[EventCountry "GER"]
[SourceTitle "Corr 2024"]
[Source "ChessBase"]
[SourceDate "2023.10.19"]
[SourceVersion "1"]
[SourceVersionDate "2023.10.19"]
[SourceQuality "1"]

1. d4 d5 2. Nf3 Nf6 3. g3 c5 4. dxc5 e6 5. Bg2 Bxc5 6. c4 0-0 7. cxd5 exd5 8. 0-0 Nc6 9. Nc3 d4 10. Na4 Be7 11. b4 Bxb4 12. Bb2 d3 13. exd3 Bf5 14. d4 Rc8 15. Rc1 Na5 16. a3 Rxc1 17. Qxc1 Be7 18. Re1 Re8 19. Ne5 Bf8 20. Nc5 b6 21. Ncd3 Qc8 22. h4 Qxc1 23. Rxc1 Rc8 24. Rxc8 Bxc8 25. a4 Be6 26. Bc3 Nd5 27. Bxa5 bxa5 28. Nc6 Nc3 29. f4 Bb3 30. Kf2 Bxa4 31. Nxa5 g6 32. Bf3 Be8 33. Bc6 Bxc6 34. Nxc6 a6 35. Ke3 Nd5+ 36. Ke4 Ne7 37. Nxe7+ Bxe7 38. Kd5 a5 39. Kc6 a4 40. d5 a3 41. Nc1 f5 42. d6 Bf6 43. d7 Kf7 44. Kd6 Be7+ 1/2-1/2